Genesis - Official Members - Statistics

General Stats
  • This quiz has been taken 131 times
  • The average score is 8 of 13
Answer Stats
Hint Answer % Correct
Drums (1970-1976), Vocals (1976-1995 + 2007-2010), Drums (Studio) (1976-1995) (Live) (2007-2010) Phil Collins
100%
Bass (1967-Now), Rhythm Guitar (Both) (1967-1977) (Live) (1977-Now), Lead Guitar (Studio) (1977-Now) Mike Rutherford
94%
Vocals, Extra (1967-1975) Peter Gabriel
94%
Keyboards (1967-Now), Extra Guitar (Live) (1967-Now), Rhythm Guitar (Studio) (1977-Now) Tony Banks
93%
Lead Guitar (1970-1977) Steve Hackett
84%
Drums (Live) (1977-2007) Chester Thompson
63%
Lead Guitar (1967-1970) Anthony Phillips
59%
Drums (Live) (1976) Bill Bruford
56%
Lead Guitar (Live) Bass (Live) (1977-2009) Daryl Stuermer
50%
Vocals (1996-1998) Ray Wilson
50%
Drums (1969-1970) John Mayhew
34%
Drums (1967) Chris Stewart
26%
Drums (1968-1969) John Silver
25%
No matching quizzes found
Score Distribution
Percent of People with Each Score
Percentile by Number Answered
Your Score History
You have not taken this quiz